| 000 | 00968cab a22002415a 4500 | ||
|---|---|---|---|
| 001 | L157344 | ||
| 008 | 121029e2012 xxk 000 0 eng d | ||
| 035 | _a(Sirsi) u157344 | ||
| 041 | 0 | _aeng | |
| 110 | 1 |
_aProperty Week _91549 |
|
| 245 | 0 | 0 |
_aCPD Module 4 _bfire safety compliance |
| 260 | _c2012 | ||
| 490 | 0 |
_aProperty Week _v78(42) 19 October 2012, 76-78(3) |
|
| 520 | _aThe fourth CPD module (see L155563, L155464 and L156147 for first three modules) covers fire safety compliance: the role of the 'responsible person'; fire risk assessment; measures and precautions; and adequate lighting and signage. Questions follow to be answered to pass the module. | ||
| 590 | _aKA | ||
| 650 | 2 | 4 | _aREGULATORY REFORM (FIRE SAFETY) ORDER 2005 |
| 650 | 2 | 4 | _aFIRE PRECAUTIONS ACT 1971 |
| 650 | 2 | 4 | _aFIRE PRECAUTIONS (WORKPLACE) REGULATIONS 1997 |
| 651 | 4 | _aUnited Kingdom | |
| 690 |
_aHealth and safety _96244 |
||
| 710 |
_aMetro Safety Group _96117 |
||
| 942 | _n0 | ||
| 999 |
_c84340 _d84340 |
||